Ante el abismo.....¿está o nó Chile al borde de la revolución social?

Saved in:
Bibliographic Details
Main Author: Espoz, Diego (Author)
Format: Book
Language:Spanish
Published: Valparaíso, Chile Universo 1936
Subjects:
Tags: Add Tag
No Tags, Be the first to tag this record!

MARC

LEADER 00000nam a2200000 a 4500
001 UCP6429
003 CL-VaPUC
005 20211215074105.0
008 991022e19360000CL |||||||||||||||||spa|d
999 |c 284016  |d 284014 
040 |c Pontificia Universidad Católica de Valparaíso 
082 0 4 |a 320.0983 ESP 1936  |2 21 
100 0 |a Espoz, Diego  |e author  |9 435581 
245 1 0 |a Ante el abismo.....¿está o nó Chile al borde de la revolución social? 
260 |a Valparaíso, Chile  |b Universo  |c 1936 
300 |a 134 páginas 
583 |a last modification  |c 19991022 00:00:00  |k Rodrigo Vera 
650 0 |a Historia política  |z CHILE  |9 256974 
650 0 |a Política y gobierno  |z CHILE  |9 255151 
650 0 |a Cambio social   |z CHILE  |9 256857 
650 0 |a Corrupción política  |z CHILE  |9 376572 
650 0 |a Justicia social  |z CHILE  |9 314874 
650 0 |a Problemas sociales  |z CHILE  |9 258537 
650 7 |a REFORMA JUDICIAL  |2 CL-VaPUC  |9 428564  |z CHILE 
852 |a BIBCUR 
942 |c BK  |2 ddc 
945 |d 19991022 00:00:00  |a crobeson 
952 |0 0  |1 0  |2 ddc  |4 0  |6 320_098300000000000_ESP_1936  |7 0  |8 X  |9 327615  |a BIBHIS  |b BIBHIS  |d 2019-11-20  |i 1370294  |o 320.0983 ESP 1936  |p 1370294  |r 2024-01-30  |t 1  |w 2019-11-20  |y BK_X  |k HIS 
952 |0 0  |1 0  |2 ddc  |4 0  |6 320_098300000000000_ESP_1936  |7 0  |8 X  |9 327616  |a BIBHIS  |b BIBHIS  |d 2019-11-20  |i 1370308  |o 320.0983 ESP 1936  |p 1370308  |r 2023-01-25  |t 2  |w 2019-11-20  |y BK_X  |k HIS